| 000 | 00578nam a2200181 i 4500 | ||
|---|---|---|---|
| 001 | 71502 | ||
| 003 | ES-MaACL | ||
| 007 | t| | ||
| 008 | 040811s1930 fr ||||1| fre d | ||
| 100 | 1 |
_aGénestal, Robert. _956302 |
|
| 245 | 1 | 0 |
_aEtudes de Droit Privé Normand _b: la tutelle / _cRobert Génestal. |
| 260 |
_aCaen : _bL. Jouan & R. Rigot, _c1930 ( _fA. Olivier) |
||
| 300 |
_a212 p. ; _c25 cm. |
||
| 490 | 1 | _aBibliothèque d'histoire du Droit Normand | |
| 830 | 0 |
_aBibliothèque d'histoire du Droit Normand _9231073 |
|
| 852 |
_aES-MaACL _jC-7140 |
||
| 999 |
_c71502 _d71502 |
||